Statistics for Territories Quiz

Click here to take the quiz!

General Stats

  • This quiz has been taken 14 times
  • The average score is 14 of 15

Answer Stats

QuestionAnswer% Correct
MacauChina
100%
Hong KongChina
100%
GreenlandDenmark
100%
CuraçaoNetherlands
100%
GuernseyUnited Kingdom
100%
BermudaUnited Kingdom
100%
Isle Of ManUnited Kingdom
100%
Puerto RicoUnited States
100%
Northern Mariana IslandsUnited States
93%
Christmas IslandsAustralia
86%
Cook IslandsNew Zealand
86%
NiueNew Zealand
86%
Bouvet IslandNorway
86%
Wallis And FutunaFrance
79%
Saint BarthélemyFrance
79%

Score Distribution

Percentile by Number Answered

Percent of People with Each Score

Your Score History

You have not taken this quiz